000 00519nam a22001817a 4500
005 20230119112613.0
008 200317b xxu||||| |||| 00| 0 eng d
020 _a9788123902784
041 _aeng
082 _a615.19
100 _aRAJASEKARAN, V.N.
_95123
245 _aTEXT BOOK OF PHARMACEUTICAL INORGANIC CHEMISTRY : THEORY AND PRACTICAL
_cV.N RAJSEKARAN
250 _a2'ND
260 _aNEW DELHI
_bCBS PUBLISHERS AND PUBLICATION
_c2015
300 _a465 P.
650 _aPHARMCY
_xB.PHARMA
_97468
942 _cBK
999 _c6126
_d6124